<?xml version="1.0" encoding="UTF-8"?>
<collection xmlns="http://www.loc.gov/MARC21/slim">
  <record>
    <leader>00000nam  2200000   4500</leader>
    <controlfield tag="001">INLIS000000000016699</controlfield>
    <controlfield tag="005">20240118101917</controlfield>
    <datafield tag="035" ind1="#" ind2="#">
      <subfield code="a">0010-0124000016</subfield>
    </datafield>
    <controlfield tag="007">ta</controlfield>
    <controlfield tag="008">240118################|##########|#|##</controlfield>
    <datafield tag="084" ind1="#" ind2="#">
      <subfield code="a">R 19 PIM III 2022</subfield>
    </datafield>
    <datafield tag="100" ind1=" " ind2="#">
      <subfield code="a">Momon Sukmana Fitra</subfield>
    </datafield>
    <datafield tag="245" ind1="1" ind2="#">
      <subfield code="a">Peningkatan Pelayanan Limbah Domestik Melalui Aplikasi “Si-Praktis” (Sistem Informasi Pelayanan Prima Aktif Tinja Masyarakat) Di Dinas Pekerjaan Umum dan Penantaan Ruang Kota Jambi /</subfield>
      <subfield code="c">Momon Sukmana Fitra</subfield>
    </datafield>
    <datafield tag="250" ind1="#" ind2="#">
      <subfield code="a">1</subfield>
    </datafield>
    <datafield tag="260" ind1="#" ind2="#">
      <subfield code="a">Jakarta :</subfield>
      <subfield code="b">Pusbangkom Pimnas dan Manajerial ASN,</subfield>
      <subfield code="c">2022</subfield>
    </datafield>
    <datafield tag="300" ind1="#" ind2="#">
      <subfield code="a">150 halaman ;</subfield>
      <subfield code="c">30 cm</subfield>
    </datafield>
    <datafield tag="650" ind1="#" ind2="4">
      <subfield code="a">Sistem Informasi Pelayanan</subfield>
    </datafield>
    <datafield tag="520" ind1="#" ind2="#">
      <subfield code="a">Aplikasi "SI-PRAKTIS" merupakan sebuah Sistem Informasi Pelayanan Prima Aktif Tinja Masyarakat yang bertujuan untuk meningkatkan akses pelayanan limbah domestik bagi masyarakat di Dinas Pekerjaan Umum dan Penataan Ruang Kota Jambi. Kemudahan akses yang dapat diperoleh masyarakat berupa layanan pendaftaran online, billing sistem yang sudah terdigitalisasi, informasi tentang layanan lumpur tinja serta pengaduan secara online.</subfield>
    </datafield>
    <datafield tag="856" ind1="#" ind2="#">
      <subfield code="a">Perpustakaan LAN Pusat</subfield>
    </datafield>
    <datafield tag="990" ind1="#" ind2="#">
      <subfield code="a">R 19 PIM III 2022</subfield>
    </datafield>
  </record>
</collection>
